书目信息 |
| 题名: |
地基处理与基坑支护工程(修订本)
|
|
| 作者: | 黄生根 主编 | |
| 分册: | ||
| 出版信息: | 武汉 中国地质大学出版社 1999.09 |
|
| 页数: | 303页 | |
| 开本: | 16开 | |
| 丛书名: | ||
| 单 册: | ||
| 中图分类: | TU753 | |
| 科图分类: | ||
| 主题词: | 建筑工程--各种 | |
| 电子资源: | ||
| ISBN: | 7-5625-1141-1 | |
| 000 | 00617nam0 2200193 45 | |
| 001 | 0008091556 | |
| 005 | 20001003015809.4 | |
| 010 | @a7-5625-1141-1@d24.00元 | |
| 100 | @a20000809d1999 km y0chiy0120 ea | |
| 101 | 0 | @achi |
| 105 | @a z 000yy | |
| 200 | 1 | @a地基处理与基坑支护工程(修订本)@ADi Ji Chu Li Yu Ji Keng Zhi Hu Gong Cheng(Xiu Ding Ben)@f黄生根等主编@FHuang Sheng Gen Deng Zhu Bian |
| 210 | @a武汉@c中国地质大学出版社@d1999.09 | |
| 215 | @a303页@d16开 | |
| 606 | 0 | @a建筑工程@x各种 |
| 690 | @aTU753@v3 | |
| 701 | 0 | @a黄生根@4主编 |
| 801 | @aCN@bPftUser@c20000809 | |
| 905 | @dTU753@eH279@b412910-913@f4 | |
| 地基处理与基坑支护工程(修订本)/黄生根等主编.-武汉:中国地质大学出版社,1999.09 |
| 303页;16开 |
| ISBN 7-5625-1141-1:24.00元 |
| ● |
| 相关链接 |
|
|
|
正题名:地基处理与基坑支护工程(修订本)
索取号:TU753/H279
 
预约/预借
| 序号 | 登录号 | 条形码 | 馆藏地/架位号 | 状态 | 备注 |
| 1 | 412910 | 204129102 | 建筑库201/201建筑库 43排3列3层/ [索取号:TU753/H279] | 在馆 | |
| 2 | 412911 | 204129111 | 土木与交通工程学院资料室/土木与交通学院资料室 1排1列1层/ [索取号:TU753/H279] | 在馆 | |
| 3 | 412912 | 204129120 | 土木与交通工程学院资料室/土木与交通学院资料室 1排1列1层/ [索取号:TU753/H279] | 在馆 | |
| 4 | 412913 | 204129139 | 建筑库201/201建筑库 41排6列2层/ [索取号:TU753/H279] | 在馆 |